[Event "Tournoi francophone 010 Groupe B"]
[Site "Skype"]
[Date "????.??.??"]
[Round "7.4"]
[White "Le Brun, Yves"]
[Black "Duthoit, Bernard"]
[Result "1-0"]
[WhiteElo "1546"]
[BlackElo "1422"]
[PlyCount "65"]

1. e4 e6 2. d3 d5 3. Nd2 c5 4. Ngf3 Nc6 5. g3 e5 6. Bg2 Nf6 7. O-O Bg4 8. Re1
Nd4 9. h3 Nxf3+ 10. Nxf3 Bh5 11. Bg5 h6 12. Bxf6 Qxf6 13. g4 Bg6 14. exd5 Bd6
15. Qe2 O-O 16. Rad1 Rfe8 17. c3 Rac8 18. Nd2 b5 19. Ne4 Bxe4 20. Qxe4 c4 21.
Qf3 Qxf3 22. Bxf3 a5 23. h4 b4 24. g5 hxg5 25. hxg5 g6 26. Kg2 Kg7 27. Rh1 Rh8
28. Be2 Rxh1 29. Rxh1 bxc3 30. bxc3 Ba3 31. Rb1 Kf8 32. Bg4 Bd6 33. Bxc8 1-0

[Event "Tournoi francophone 010 Groupe B"]
[Site "Skype"]
[Date "????.??.??"]
[Round "7.5"]
[White "Legueltel, Daniel"]
[Black "Pouteau, Pascal"]
[Result "1-0"]
[WhiteElo "1528"]
[BlackElo "1457"]
[PlyCount "55"]

1. d4 d5 2. c4 e6 3. Nc3 Nf6 4. Bg5 Nbd7 5. e3 Bb4 6. Qc2 h6 7. Bh4 Nb6 8. c5
Nc4 9. a3 Bxc3+ 10. Qxc3 g5 11. Bg3 Ne4 12. Qc2 Na5 13. Bd3 f5 14. f3 Nf6 15.
Ne2 Bd7 16. Be5 Rf8 17. h4 g4 18. Bf4 Rh8 19. Nc3 a6 20. Ne2 Nh5 21. Be5 Rh7
22. fxg4 Ng7 23. Bf4 Nc4 24. O-O-O b5 25. Ng3 a5 26. gxf5 b4 27. Bxc4 dxc4 28.
fxe6 1-0

[Event "Tournoi francophone 010 Groupe B"]
[Site "Skype"]
[Date "????.??.??"]
[Round "8.1"]
[White "Malbec, Robert"]
[Black "Pouteau, Pascal"]
[Result "0-1"]
[WhiteElo "1394"]
[BlackElo "1457"]
[PlyCount "80"]

1. e4 e5 2. Nf3 Nc6 3. Bc4 Be7 4. c3 d6 5. d4 Bg4 6. d5 Na5 7. Be2 b6 8. h3 Bd7
9. O-O Nf6 10. Nbd2 c6 11. b4 Nb7 12. c4 Rc8 13. Bd3 Qc7 14. Bb2 c5 15. b5 Nh5
16. Bc3 Nf4 17. Be2 Nd8 18. Nb3 O-O 19. Bd2 Nxe2+ 20. Qxe2 f5 21. exf5 Bxf5 22.
Bg5 e4 23. Bxe7 exf3 24. gxf3 Re8 25. Kg2 Rxe7 26. Qd2 Qd7 27. Rh1 Nf7 28. Qf4
Rf8 29. Nd2 Ne5 30. Qg3 Rf6 31. Kf1 Bd3+ 32. Ke1 Nxc4+ 33. Kd1 Nxd2 34. Kxd2
Re2+ 35. Kc1 Rc2+ 36. Kd1 Qxb5 37. Rg1 Rg6 38. Qh2 Rxg1+ 39. Qxg1 Qb2 40. Rc1
Qxc1# 0-1

[Event "Tournoi francophone 010 Groupe B"]
[Site "Skype"]
[Date "????.??.??"]
[Round "8.2"]
[White "Duthoit, Bernard"]
[Black "Legueltel, Daniel"]
[Result "0-1"]
[WhiteElo "1422"]
[BlackElo "1528"]
[PlyCount "50"]

1. e4 c5 2. Nf3 Nc6 3. d4 cxd4 4. Nxd4 g6 5. Nf3 Bg7 6. Bd3 d6 7. O-O Nf6 8.
Re1 O-O 9. c3 Nd7 10. Nbd2 Nde5 11. Nxe5 Nxe5 12. Bb5 a6 13. Ba4 b5 14. Bc2 Bb7
15. Nf3 Rc8 16. Bf4 Nxf3+ 17. Qxf3 a5 18. Qe3 a4 19. Bh6 Bxh6 20. Qxh6 Qb6 21.
Re3 Rc5 22. Rh3 Rh5 23. Rxh5 gxh5 24. Qxh5 Qc6 25. e5 Qxg2# 0-1

[Event "Tournoi francophone 010 Groupe B"]
[Site "Skype"]
[Date "????.??.??"]
[Round "8.3"]
[White "Guillaume, Mickael"]
[Black "Le Brun, Yves"]
[Result "0-1"]
[WhiteElo "1539"]
[BlackElo "1546"]
[PlyCount "94"]

1. e4 g6 2. d4 Bg7 3. Nf3 d6 4. Bc4 Nf6 5. Nc3 O-O 6. O-O Nbd7 7. e5 dxe5 8.
dxe5 Ng4 9. e6 fxe6 10. Bxe6+ Kh8 11. Bxg4 h5 12. Be6 c6 13. Ng5 Qc7 14. Bf7
Nc5 15. Bxg6 Bg4 16. f3 Rad8 17. Qe2 Bd4+ 18. Kh1 Kg7 19. Ne6+ Bxe6 20. Bxh5
Be5 21. f4 Bd4 22. Be3 Bxc3 23. bxc3 Ne4 24. Bd4+ Rxd4 25. cxd4 Bd5 26. Qg4+
Kh8 27. Rae1 Rg8 28. Qh3 Kg7 29. Qf5 e6 30. Qg6+ Kf8 31. Qe8+ Kg7 32. Qg6+ Kf8
33. Qh6+ Qg7 34. Qxg7+ Rxg7 35. f5 exf5 36. Rxf5+ Kg8 37. Ref1 Nd6 38. Rf8+ Kh7
39. R1f6 Bxg2+ 40. Kg1 Bf3+ 41. Kf2 Bxh5 42. Ra8 Ne4+ 43. Kf1 Nxf6 44. Rxa7 Ne4
45. Ra5 Bf7 46. a4 Bc4+ 47. Ke1 Rg1# 0-1

[Event "Tournoi francophone 010 Groupe B"]
[Site "Skype"]
[Date "????.??.??"]
[Round "8.4"]
[White "Briere, Jean"]
[Black "Gerbaux, Regis"]
[Result "1-0"]
[WhiteElo "1404"]
[BlackElo "1355"]
[PlyCount "55"]

1. e4 c5 2. Nf3 d6 3. d4 cxd4 4. Nxd4 Nf6 5. Nc3 e5 6. Nf3 Nc6 7. Bd3 a6 8. Nd5
Nxd5 9. exd5 Qa5+ 10. Nd2 Qxd5 11. Be4 Qe6 12. c4 Be7 13. Bd5 Qd7 14. O-O O-O
15. a3 b5 16. b4 Bb7 17. Bb2 Bf6 18. Qc2 Ne7 19. Bxb7 Qxb7 20. Ne4 Qd7 21. Rfd1
d5 22. cxd5 Rac8 23. Qd3 Rfd8 24. d6 Nf5 25. Rac1 Rxc1 26. Bxc1 Be7 27. dxe7
Qxe7 28. Qxd8+ 1-0

[Event "Tournoi francophone 010 Groupe B"]
[Site "Skype"]
[Date "????.??.??"]
[Round "8.5"]
[White "Sauvaget, Joel"]
[Black "Tamditi, Ibrahim"]
[Result "1/2-1/2"]
[WhiteElo "1608"]
[BlackElo "1499"]
[PlyCount "63"]

1. d4 g6 2. c4 Bg7 3. Nf3 b6 4. e3 Bb7 5. Be2 d5 6. O-O dxc4 7. Bxc4 Nd7 8. Nc3
a6 9. b3 c5 10. Bb2 cxd4 11. exd4 Nh6 12. Be2 Qc7 13. h3 Rd8 14. Qc1 Qc6 15.
Nd1 Qe4 16. Ne3 O-O 17. Ne1 Bxd4 18. Bf3 Bxe3 19. Qxe3 Qxe3 20. fxe3 Bxf3 21.
Nxf3 Nf5 22. Rfe1 Nc5 23. e4 Ng3 24. e5 Nd3 25. Reb1 Rc8 26. Bd4 Rc6 27. Kh2
Ne2 28. Rd1 Nxd4 29. Nxd4 Rc3 30. Ne2 Rc2 31. Nd4 Rc3 32. Ne2 1/2-1/2

[Event "Tournoi francophone 010 Groupe B"]
[Site "Skype"]
[Date "????.??.??"]
[Round "9.1"]
[White "Tamditi, Ibrahim"]
[Black "Malbec, Robert"]
[Result "1-0"]
[WhiteElo "1499"]
[BlackElo "1394"]
[PlyCount "79"]

1. e4 e5 2. Bc4 Bc5 3. Nf3 Nc6 4. Nc3 Nf6 5. O-O O-O 6. d3 h6 7. Bb5 d6 8. Bxc6
bxc6 9. a3 a5 10. Na4 Bb6 11. c3 Ba6 12. Re1 Qd7 13. c4 c5 14. Qb3 Rab8 15.
Nxb6 cxb6 16. Bd2 Qc8 17. Qa4 Bb7 18. b4 Bc6 19. b5 Bd7 20. Bc3 Qd8 21. Rac1
Nh5 22. Qd1 Bg4 23. h3 Bxf3 24. Qxf3 Nf6 25. Qg3 Nh7 26. f4 f6 27. fxe5 dxe5
28. Bd2 Kh8 29. Rcd1 Qd4+ 30. Be3 Qc3 31. a4 Rbd8 32. Bf2 Qb3 33. Rd2 Rxd3 34.
Rxd3 Qxc4 35. Red1 Qxa4 36. Rd8 Qxb5 37. Rxf8+ Nxf8 38. Rd8 Kg8 39. Be3 Kf7 40.
Qg4 1-0

[Event "Tournoi francophone 010 Groupe B"]
[Site "Skype"]
[Date "????.??.??"]
[Round "9.3"]
[White "Le Brun, Yves"]
[Black "Briere, Jean"]
[Result "1-0"]
[WhiteElo "1546"]
[BlackElo "1404"]
[PlyCount "47"]

1. d4 d5 2. Bf4 Nc6 3. e3 Nf6 4. Nd2 e6 5. Ngf3 Bd6 6. Bg3 O-O 7. c3 Re8 8. Ne5
Bd7 9. f4 h6 10. Bd3 Bxe5 11. fxe5 Nh7 12. O-O Rf8 13. Qh5 Be8 14. Qe2 f6 15.
Rf2 fxe5 16. Bxh7+ Kxh7 17. Rxf8 Qe7 18. Raf1 Rd8 19. Qf2 Bg6 20. Rxd8 Qxd8 21.
Nb3 b6 22. dxe5 Be4 23. Nd4 Nxd4 24. exd4 1-0

[Event "Tournoi francophone 010 Groupe B"]
[Site "Skype"]
[Date "????.??.??"]
[Round "9.4"]
[White "Legueltel, Daniel"]
[Black "Guillaume, Mickael"]
[Result "0-1"]
[WhiteElo "1528"]
[BlackElo "1539"]
[PlyCount "122"]

1. d4 d6 2. c4 Nf6 3. Nf3 e6 4. Nc3 Nc6 5. e4 Be7 6. Be2 O-O 7. O-O b6 8. Bf4
Bd7 9. Rc1 Nh5 10. Be3 Be8 11. e5 f5 12. d5 exd5 13. cxd5 Nxe5 14. Nxe5 Nf6 15.
Nf3 c6 16. dxc6 Bxc6 17. Nd4 Bd7 18. Bd3 Ng4 19. Bf4 g5 20. Bd2 Rc8 21. h3 Ne5
22. Bb1 Rc5 23. Nce2 d5 24. Ng3 f4 25. Rxc5 bxc5 26. Qh5 Rf7 27. Ngf5 Bf8 28.
Nh6+ Bxh6 29. Qxh6 cxd4 30. h4 Nc4 31. Bc1 gxh4 32. Bxf4 Qf6 33. Qxf6 Rxf6 34.
Bg5 Rd6 35. b3 Na3 36. Bxh4 Bb5 37. Rc1 Nxb1 38. Rxb1 d3 39. a4 Ba6 40. Rd1 Re6
41. b4 Bc4 42. Bg5 Ra6 43. a5 Rc6 44. Bd2 d4 45. f4 Be6 46. Kf2 Rc2 47. Ke1 Rc7
48. Rb1 Bd5 49. g4 Re7+ 50. Kd1 Bf3+ 51. Kc1 Bxg4 52. b5 Rc7+ 53. Kb2 Rc2+ 54.
Kb3 Rxd2 55. Kc4 Rf2 56. b6 axb6 57. axb6 Bc8 58. Kxd3 Rxf4 59. b7 Bxb7 60.
Rxb7 h5 61. Rd7 h4 0-1

[Event "Tournoi francophone 010 Groupe B"]
[Site "Skype"]
[Date "????.??.??"]
[Round "9.5"]
[White "Pouteau, Pascal"]
[Black "Duthoit, Bernard"]
[Result "1/2-1/2"]
[WhiteElo "1457"]
[BlackElo "1422"]
[PlyCount "77"]

1. d4 e5 2. dxe5 Nc6 3. Nf3 Qe7 4. Nc3 Nxe5 5. e4 Nf6 6. Nd5 Nxd5 7. Qxd5 Nxf3+
8. gxf3 Qe6 9. Qd4 c5 10. Qe3 b6 11. b3 f6 12. Bc4 Qe7 13. Bb2 d6 14. O-O-O Be6
15. Bb5+ Bd7 16. Qd3 Bxb5 17. Qxb5+ Qd7 18. Qxd7+ Kxd7 19. Rhg1 Ke7 20. f4 g6
21. Kb1 h5 22. Rxg6 Rh6 23. Rg3 h4 24. Rg4 Kf7 25. h3 Be7 26. f5 Rg8 27. f3 b5
28. Bc1 Rh7 29. Rdg1 Rhg7 30. Be3 a5 31. Bd2 a4 32. b4 a3 33. c3 cxb4 34. cxb4
Rxg4 35. fxg4 Rd8 36. Rc1 d5 37. exd5 Rxd5 38. Be1 Rd3 39. Bxh4 1/2-1/2